| 000 | 00712nam a2200241 a 4500 | ||
|---|---|---|---|
| 001 | BRCA_6403 | ||
| 005 | 20190320205435.0 | ||
| 008 | 080911s1867----au-a######---#000-0#ger-# | ||
| 041 | _ager | ||
| 044 | _aau | ||
| 050 | 4 |
_aF1212 _p.K81 1867 |
|
| 100 | 1 |
_aKollonitz, Gräfin Paula _98180 |
|
| 245 | 1 | 0 |
_aEine Reise nach Mexico im Jahre 1864 _cvon Gräfin Paula Kollonitz. |
| 250 | _a2 | ||
| 260 |
_aViena _bCarl Gerold’s Sohn _c1867 |
||
| 300 |
_a247 p. _bil. a color _c22 cm. |
||
| 500 | _aCDE18 | ||
| 651 | 4 |
_aMéxico _xDescripción y viajes _9103 |
|
| 651 | 4 |
_aMéxico _xVida social y costumbres _9769 |
|
| 700 | 1 |
_aMaximiliano _cEmperador de México _f1832-1867. _94582 |
|
| 902 | _aGFM | ||
| 942 |
_2lcc _cB |
||
| 999 |
_c6088 _d6088 |
||